Plzeň automapa = road map = carte routierè = Autokarte /
| Korporativní autor: | Kartografie Praha (firma) |
|---|---|
| Další autoři: | Douda, Jaromír, Prokop, Jaroslav, Roulová, Zdenka, 1937-, Hobzek, Josef, 1908-1989, Patočka, Bedřich, Severografia (firma : Červený Kostelec), Benzina (firma), Autoturist (cestovní kancelář), Středisko pro rozvoj silnic a dálnic (Praha, Česko) |
| Jazyk: | Ruština Němčina Francouzština Čeština Angličtina |
| Vydáno: |
Praha : Kartografie, 1972 |
| Vydání: | 3. vyd. |
| Témata: | |
| Fyzický popis: |
1 mapa : barev. ; 42 x 40 cm, na listu 44 x 52 cm, složeno na 22 x 11 cm |
| Language note: |
Souběžný český, ruský, anglický, francouzský a německý text |
|
| LEADER | 02720cam a2200529 i 4500 | ||
|---|---|---|---|
| 001 | 001388854 | ||
| 003 | CZ BrMZK | ||
| 005 | 20160122085209.0 | ||
| 007 | aj|canzn | ||
| 008 | 980107s1972 xr g a 0 cze d | ||
| 034 | 1 | |a a |b 200000 |d E0124100 |e E0135000 |f N0500800 |g N0492200 | |
| 040 | |a BOA001 |b cze | ||
| 041 | 0 | |a cze |a rus |a eng |a fre |a ger | |
| 043 | |a e-xr--- |b e-xr-pl |2 czenas | ||
| 072 | 7 | |a 656.1/.5 |x Pozemní doprava |2 Konspekt |9 4 | |
| 072 | 7 | |a 912 |x Mapy. Atlasy. Glóby |2 Konspekt |9 7 | |
| 080 | |a 656.11 |2 MRF | ||
| 080 | |a 913:338.483.1 |2 MRF | ||
| 080 | |a 913(437.317) |2 MRF | ||
| 080 | |a (084.3)656.1 |2 MRF | ||
| 245 | 0 | 0 | |a Plzeň |h [kartografický dokument] : |b automapa = road map = carte routierè = Autokarte / |c vydala a zpracovala Kartografie Praha ; odpovědný redaktor 1. vyd. Jaroslav Prokop ; odpovědný redaktor 3. vyd. Jaromír Douda ; technická redaktorka Zdenka Roulová ; spolupracovali: J. Hobzek ... [et al.] ; překlad textů: Pražská informační služba ; obálka Bedřich Patočka |
| 250 | |a 3. vyd. | ||
| 255 | |a Měřítko 1:200 000 |c (12°41´00" v.d.--13°50´00" v.d./50°08´00" s.š.--49°22´00" s.š.) | ||
| 260 | |a Praha : |b Kartografie, |c 1972 |e (Červený Kostelec : |f Severografia) | ||
| 300 | |a 1 mapa : |b barev. ; |c 42 x 40 cm, na listu 44 x 52 cm, složeno na 22 x 11 cm | ||
| 500 | |a Na rubu doprovodný text s fotografiemi a obálkový titul | ||
| 500 | |a Na obálce pořadové číslo 11 | ||
| 500 | |a Další údaje o odpovědnosti: spolupracovali: J. Hobzek, Okresní komise cestovního ruchu, Benzina Praha, silniční služba Autoturistu, Středisko pro rozvoj silnic a dálnic Praha | ||
| 546 | |a Souběžný český, ruský, anglický, francouzský a německý text | ||
| 650 | 0 | 7 | |a silnice |7 ph116142 |2 czenas |
| 650 | 0 | 7 | |a turistické zajímavosti |7 ph126800 |2 czenas |
| 655 | 7 | |a automapy |7 fd131856 |2 czenas | |
| 651 | 7 | |a Plzeň (Česko : oblast) |7 ge130440 |2 czenas | |
| 700 | 1 | |a Douda, Jaromír |7 jo2007251293 |4 pbd | |
| 700 | 1 | |a Prokop, Jaroslav |7 mzk2009544399 |4 ant | |
| 700 | 1 | |a Roulová, Zdenka, |d 1937- |7 stk2008428677 |4 red | |
| 700 | 1 | |a Hobzek, Josef, |d 1908-1989 |7 jk01041429 |4 red | |
| 700 | 1 | |a Patočka, Bedřich |7 mzk2014818806 |4 bjd | |
| 710 | 2 | |a Kartografie Praha (firma) |7 kn20010724363 |4 pbl |4 ctg | |
| 710 | 2 | |a Severografia (firma : Červený Kostelec) |4 prt | |
| 710 | 2 | |a Benzina (firma) |7 mzk2012678831 |4 oth | |
| 710 | 2 | |a Autoturist (cestovní kancelář) |7 kn20050823009 |4 oth | |
| 710 | 2 | |a Středisko pro rozvoj silnic a dálnic (Praha, Česko) |4 oth | |
| 910 | |a BOA001 |b Skř.9A-0576.582-72 | ||
| 990 | |a MP | ||
| 991 | |b 201405 | ||
| 996 | 6 | |b 2619016290 |c Skř.9A-0576.582-72 |l MZK |r Sklad / do 24 hodin |n 0 |w 001438250 |u 000010 |a 1 |e BOA001 |j MZK50 |s P | |
English
Čeština 